00373 2200145 4500001002100000005001500021008004100036035001900077082000900096090001600105100002700121245003400148260001800182300002700200INLIS00000000001876820241224115551241224||||||||| | ||| |||| ||  0010-12240187680 aNONE a637.5 PED p0 aTim Karya Tani Mandiri00aPedoman Budidaya Burung Walet aBandungc2010 a162 hlm.;12.5x 19,5 cm